00634nam a2200229Ia 450000500170000000800410001702000150005808200190007324500400009226000510013230000120018365000160019565000100021165000140022165000130023565000130024865000100026170000190027194200060029095200950029699900130039120250317024647.0240331s9999 xx 000 0 und d a9559102088 a301bPER22739 0aNewton Gunasinghe:bSelected Essays aColombo,bSocial Scientists' Associationc1996 a239 p., aAgriculture aClass aEthnicity aReligion aPolitics aCaste aPerera, Seedt cL 001040708LaWERCLbWERCLcSSCd2024-03-31l0o 301 PERp2739r2024-03-31w2024-03-31yL c998d998